000 01430nam a22003977a 4500
001 3574737
003 OSt
005 20210422052045.0
008 990310s1999 mdu 001 0 eng c
010 _a 99014786
020 _a0834213710
035 _a(DLC) 99014786
040 _aDNLM/DLC
_cDLC
_dDLC
042 _apcc
050 0 0 _aRA999.A35
_bB879 1999
060 1 0 _aWX 162
_bB988p 1999
080 _a614
_bB-98
082 0 0 _a362.1/6/068
_221
100 1 _aButtaro, Peter J.
245 1 0 _aPrinciples of long-term health care administration /
_cPeter J. Buttaro ; Emily L.H. Buttaro, editor.
260 _aGaithersburg, Md. :
_bAspen Publishers,
_c1999.
300 _ax, 325 p. ;
_c28 cm.
500 _a"An Aspen publication."
500 _aIncludes index.
650 0 _aLong-term care facilities
_xAdministration.
650 0 _aNursing homes
_xAdministration.
650 1 2 _aLong-Term Care
_xorganization & administration
_zUnited States.
650 2 2 _aLong-Term Care
_xlegislation & jurisprudence
_zUnited States.
650 2 2 _aNursing Homes
_xorganization & administration
_zUnited States.
653 _aჯანდაცვა
700 1 _aButtaro, Emily L. H.
906 _a7
_bcbc
_cpccadap
_d1
_eocip
_f19
_gy-gencatlg
942 _2udc
_cBK
999 _c762
_d762